00262nam a2200109Ia 4500008004100000082001600041100001600057245002500073250000900098260003700107300000800144150731s2013 xx 000 0 und d a611bK 13 B aBYADGI,P.S. 2aA TB OF KAYACHIKITSA a1 ST bCHAUKHAMBHA PUB. NEW DELHIc2013 a623